[Event "Steinfurt Bezirksliga 1718"]
[Site "Germany"]
[Date "2018.03.17"]
[Round "6.7"]
[White "Muhmann, Reinhard"]
[Black "Schroerluecke, Dieter"]
[Result "1-0"]
[WhiteElo "1402"]
[BlackElo "1238"]
[PlyCount "41"]
[EventDate "2017.09.23"]
[EventType "team-tourn"]
[EventRounds "7"]
[EventCountry "GER"]
[SourceTitle "EXT 2019"]
[Source "ChessBase"]
[SourceDate "2018.10.10"]
[SourceVersion "1"]
[SourceVersionDate "2018.10.10"]
[SourceQuality "1"]
[WhiteTeam "Emsdetten Rochade IV"]
[BlackTeam "Ibbenbueren II"]
[WhiteTeamCountry "GER"]
[BlackTeamCountry "GER"]

1. d4 d5 2. Nf3 e6 3. Bf4 Nc6 4. e3 Bd7 5. Be2 Nf6 6. h3 Be7 7. 0-0 0-0 8. c4 dxc4 9. Bxc4 h6 10. Nc3 a6 11. Re1 Bb4 12. a3 Bxc3 13. bxc3 Ne4 14. Qc2 Nf6 15. Ba2 Rc8 16. Bb1 Qe7 17. Be5 g6 18. Bg3 Kg7 19. e4 Kh7 20. Bh4 Rg8 21. e5 1-0

[Event "Steinfurt Bezirksliga 1617"]
[Site "Germany"]
[Date "2016.09.24"]
[Round "1.6"]
[White "Schroerluecke, Dieter"]
[Black "Hartmann, Viktor"]
[Result "0-1"]
[WhiteElo "1227"]
[BlackElo "1663"]
[PlyCount "72"]
[EventDate "2016.09.24"]
[EventType "team"]
[EventRounds "9"]
[EventCountry "GER"]
[SourceTitle "EXT 2018"]
[Source "ChessBase"]
[SourceDate "2017.10.13"]
[SourceVersion "1"]
[SourceVersionDate "2017.10.13"]
[SourceQuality "1"]
[WhiteTeam "Ibbenbueren II"]
[BlackTeam "Ibbenbueren"]
[WhiteTeamCountry "GER"]
[BlackTeamCountry "GER"]

1. e4 c5 2. Nf3 d6 3. Nc3 g6 4. Bc4 Bg7 5. Ng5 e6 6. Nf3 Ne7 7. 0-0 Nbc6 8. h3 0-0 9. a3 a6 10. d3 Bd7 11. Be3 b5 12. Ba2 Rc8 13. Ne2 Bxb2 14. Rb1 Bxa3 15. Bh6 Re8 16. Qd2 Ne5 17. Nxe5 dxe5 18. Qc3 Nc6 19. f4 Bb4 20. Qb2 Nd4 21. Nxd4 exd4 22. Qb3 Bd2 23. Bg5 Be3+ 24. Kh1 f6 25. Bh6 Kh8 26. Rf3 Qc7 27. Rbf1 c4 28. dxc4 bxc4 29. Qa3 Bb5 30. c3 Qc5 31. Qxc5 Rxc5 32. Rd1 e5 33. Rxe3 dxe3 34. Re1 exf4 35. Bxf4 Rxe4 36. Bxe3 Rce5 0-1

[Event "Steinfurt Bezirksklasse 1415"]
[Site "Germany"]
[Date "2015.04.25"]
[Round "8.3"]
[White "Schroerluecke, Dieter"]
[Black "Schellmann, Mareike"]
[Result "0-1"]
[WhiteElo "1160"]
[BlackElo "1505"]
[PlyCount "76"]
[EventDate "2014.09.20"]
[EventType "team-tourn"]
[EventRounds "9"]
[EventCountry "GER"]
[SourceTitle "EXT 2016"]
[Source "ChessBase"]
[SourceDate "2015.10.08"]
[SourceVersion "1"]
[SourceVersionDate "2015.10.08"]
[SourceQuality "1"]
[WhiteTeam "Ibbenbueren III"]
[BlackTeam "Emsdetten Rochade IV"]
[WhiteTeamCountry "GER"]
[BlackTeamCountry "GER"]

1. e4 c5 2. Nf3 d6 3. d4 cxd4 4. Nxd4 Nc6 5. Nxc6 bxc6 6. Nc3 g6 7. Bd2 Bg7 8. Bd3 Rb8 9. Rb1 Nf6 10. 0-0 0-0 11. h3 Be6 12. b3 Qc7 13. f4 Qb6+ 14. Kh1 Nh5 15. Qf3 Qa5 16. e5 dxe5 17. Ne4 Qc7 18. fxe5 Bxe5 19. g4 Nf6 20. Nxf6+ Bxf6 21. Be4 Bd5 22. Bxd5 cxd5 23. Qxd5 Qxc2 24. Bh6 Rfd8 25. Qg2 Qxg2+ 26. Kxg2 Bg7 27. Bf4 Rbc8 28. Rbc1 Bd4 29. Rxc8 Rxc8 30. Rd1 e5 31. Bh6 Rc2+ 32. Rd2 Rxd2+ 33. Bxd2 f5 34. gxf5 gxf5 35. b4 Kf7 36. Kf3 Ke6 37. Be3 Bxe3 38. Kxe3 Kd5 0-1

[Event "Steinfurt Bezirksklasse 1112"]
[Site "Germany"]
[Date "2012.03.17"]
[Round "7.4"]
[White "Schroerluecke, Dieter"]
[Black "Burton, Christopher"]
[Result "0-1"]
[WhiteElo "1180"]
[BlackElo "1144"]
[PlyCount "64"]
[EventDate "2011.09.24"]
[EventType "team-tourn"]
[EventRounds "9"]
[EventCountry "GER"]
[SourceTitle "EXT 2013"]
[Source "ChessBase"]
[SourceDate "2012.11.22"]
[SourceVersion "1"]
[SourceVersionDate "2012.11.22"]
[SourceQuality "1"]
[WhiteTeam "Ibbenbueren III"]
[BlackTeam "Westerkappeln II"]
[WhiteTeamCountry "GER"]
[BlackTeamCountry "GER"]

1. b3 e5 2. e4 Nf6 3. d3 Nc6 4. Nf3 Bc5 5. Bb2 d6 6. h3 a5 7. Nc3 Bd7 8. Be2 Nh5 9. Nd5 Nb4 10. Nxb4 Bxb4+ 11. c3 Bc5 12. Bc1 h6 13. d4 exd4 14. Nxd4 Bxd4 15. Qxd4 Nf6 16. 0-0 c5 17. Qe3 Qe7 18. f3 0-0 19. c4 Qe5 20. Bd2 Qg3 21. Qf4 Qxf4 22. Bxf4 Ra6 23. Rad1 Ne8 24. Rd2 g5 25. Be3 f5 26. Bxc5 fxe4 27. Rd4 exf3 28. gxf3 Bxh3 29. Rfd1 dxc5 30. Rd5 Rc6 31. Kf2 g4 32. Rh1 Nf6 0-1

[Event "Steinfurt Bezirksklasse 1112"]
[Site "Germany"]
[Date "2011.11.19"]
[Round "3.4"]
[White "Schroerluecke, Dieter"]
[Black "Wehner, Siegfried"]
[Result "0-1"]
[WhiteElo "1180"]
[BlackElo "1363"]
[PlyCount "70"]
[EventDate "2011.09.24"]
[EventType "team-tourn"]
[EventRounds "9"]
[EventCountry "GER"]
[SourceTitle "EXT 2013"]
[Source "ChessBase"]
[SourceDate "2012.11.22"]
[SourceVersion "1"]
[SourceVersionDate "2012.11.22"]
[SourceQuality "1"]
[WhiteTeam "Ibbenbueren III"]
[BlackTeam "Reckenfeld II"]
[WhiteTeamCountry "GER"]
[BlackTeamCountry "GER"]

1. b3 e5 2. e4 g6 3. Bb2 Bg7 4. Nf3 d6 5. h3 Nf6 6. d3 0-0 7. Be2 b6 8. 0-0 Bb7 9. Nbd2 Nbd7 10. Rb1 c5 11. c4 Ne8 12. Nh2 f5 13. exf5 Rxf5 14. Bf3 Bxf3 15. Nhxf3 Nc7 16. Qe1 Ne6 17. Qe4 Nf6 18. Qe1 Nd4 19. Nxd4 exd4 20. Qe6+ Kh8 21. Rbe1 Qd7 22. Qxd7 Nxd7 23. Re7 Ne5 24. Ne4 Bf8 25. Nxd6 Bxe7 26. Nxf5 gxf5 27. Re1 Bf6 28. Rd1 Bg5 29. Kf1 Re8 30. Re1 Re7 31. g3 Nxd3 32. Rxe7 Bxe7 33. Ba1 Nb4 34. Ke2 Kg7 35. Kd1 Nxa2 0-1

[Event "Steinfurt Bezirksklasse 0506"]
[Site "Germany"]
[Date "2005.11.12"]
[Round "3.5"]
[White "Schroerluecke, Dieter"]
[Black "Hillen, Thomas"]
[Result "0-1"]
[WhiteElo "1266"]
[BlackElo "1497"]
[PlyCount "58"]
[EventDate "2005.09.10"]
[EventType "team-tourn"]
[EventRounds "7"]
[EventCountry "GER"]
[SourceTitle "EXT 2006"]
[Source "ChessBase"]
[SourceDate "2005.11.24"]
[SourceVersion "1"]
[SourceVersionDate "2005.11.24"]
[SourceQuality "1"]
[WhiteTeam "Ibbenbueren III"]
[BlackTeam "Emsdetten Rochade III"]
[WhiteTeamCountry "GER"]
[BlackTeamCountry "GER"]

1. e4 c6 2. d4 d5 3. exd5 cxd5 4. Nf3 Nc6 5. c3 Bg4 6. Be2 e6 7. h3 Bh5 8. 0-0 h6 9. Nh2 Bxe2 10. Qxe2 Bd6 11. f4 Qc7 12. Qg4 g6 13. Nf3 0-0-0 14. Ne5 Rh7 15. Nxc6 Qxc6 16. Qf3 Ne7 17. g4 h5 18. g5 h4 19. Be3 Nf5 20. Bf2 Qc7 21. Be3 Qe7 22. Nd2 f6 23. gxf6 Qxf6 24. Bf2 g5 25. Be3 Nxe3 26. Qxe3 gxf4 27. Qf3 Rg8+ 28. Kh1 Rg3 29. Qf2 Qf5 0-1

[Event "Steinfurt Bezirksklasse 0405"]
[Site "Germany"]
[Date "2005.01.29"]
[Round "6.6"]
[White "Altenaehr, Johannes"]
[Black "Schroerluecke, Dieter"]
[Result "1-0"]
[WhiteElo "1423"]
[BlackElo "1292"]
[PlyCount "107"]
[EventDate "2004.09.18"]
[EventType "team-tourn"]
[EventRounds "11"]
[EventCountry "GER"]
[SourceTitle "EXT 2006"]
[Source "ChessBase"]
[SourceDate "2005.11.24"]
[SourceVersion "1"]
[SourceVersionDate "2005.11.24"]
[SourceQuality "1"]
[WhiteTeam "Rheine CC"]
[BlackTeam "Ibbenbueren III"]
[WhiteTeamCountry "GER"]
[BlackTeamCountry "GER"]

1. d4 d5 2. Nf3 e6 3. g3 Nf6 4. Bg2 Nc6 5. 0-0 h6 6. c4 dxc4 7. Qa4 Bd6 8. Nc3 a6 9. Qxc4 b5 10. Nxb5 axb5 11. Qxc6+ Bd7 12. Qc2 Rc8 13. e4 Be7 14. Ne5 0-0 15. Be3 Nh7 16. Nc6 Qe8 17. Nxe7+ Qxe7 18. e5 c6 19. Rfd1 Rfd8 20. Rd3 f6 21. Rad1 Be8 22. Qc5 Qxc5 23. dxc5 Rxd3 24. Rxd3 fxe5 25. Rd6 Kf7 26. h4 Ke7 27. Bd2 Rd8 28. Rxd8 Kxd8 29. Bc3 Ke7 30. Bxe5 Nf6 31. f3 g5 32. hxg5 hxg5 33. Kf2 Nd5 34. a3 Bg6 35. Ke2 Bf5 36. Kd2 g4 37. Bd6+ Kf6 38. f4 Kf7 39. Bf1 Ke8 40. Be2 Kd7 41. Bd1 Kc8 42. a4 bxa4 43. Bxa4 Kb7 44. Be5 Nb4 45. Kc3 Nd3 46. b4 Nxe5 47. fxe5 Be4 48. Kd4 Bg6 49. Ke3 Bf5 50. Kf4 Kc7 51. Kg5 Kb7 52. Kf6 Kc7 53. Ke7 Kb7 54. Kd6 1-0

[Event "Steinfurt Bezirksklasse 0304"]
[Site "Germany"]
[Date "2004.03.20"]
[Round "8.4"]
[White "Schroerluecke, Dieter"]
[Black "Freitag, Michael"]
[Result "1/2-1/2"]
[WhiteElo "1322"]
[BlackElo "1184"]
[PlyCount "49"]
[EventDate "2003.09.27"]
[EventType "team-tourn"]
[EventRounds "11"]
[EventCountry "GER"]
[SourceTitle "EXT 2005"]
[Source "ChessBase"]
[SourceDate "2004.11.15"]
[SourceVersion "1"]
[SourceVersionDate "2004.11.15"]
[SourceQuality "1"]
[WhiteTeam "Ibbenbueren III"]
[BlackTeam "Steinfurt III"]
[WhiteTeamCountry "GER"]
[BlackTeamCountry "GER"]

1. e4 c6 2. d4 d5 3. exd5 cxd5 4. Nf3 Nc6 5. h3 Nf6 6. Bb5 a6 7. Bxc6+ bxc6 8. 0-0 e6 9. Bd2 Be7 10. Nc3 0-0 11. b3 Bd7 12. Re1 Bb4 13. Ne2 Bxd2 14. Qxd2 Ne4 15. Qd3 Qa5 16. Ne5 Be8 17. Ng3 Nxg3 18. Qxg3 Qd2 19. c3 f6 20. Ng4 h5 21. Nh2 Bf7 22. Nf1 Qc2 23. Qf3 Rfe8 24. Re2 Qf5 25. Qg3 1/2-1/2

[Event "Steinfurt Bezirksklasse 0203"]
[Site "Germany"]
[Date "2002.11.23"]
[Round "3.7"]
[White "Tillack, Jan"]
[Black "Schroerluecke, Dieter"]
[Result "1-0"]
[WhiteElo "1487"]
[BlackElo "1333"]
[PlyCount "95"]
[EventDate "2002.09.28"]
[EventType "team-tourn"]
[EventRounds "7"]
[EventCountry "GER"]
[SourceTitle "EXT 2005"]
[Source "ChessBase"]
[SourceDate "2004.11.15"]
[SourceVersion "1"]
[SourceVersionDate "2004.11.15"]
[SourceQuality "1"]
[WhiteTeam "Emsdetten Rochade III"]
[BlackTeam "Ibbenbueren III"]
[WhiteTeamCountry "GER"]
[BlackTeamCountry "GER"]

1. e4 c5 2. Nf3 d6 3. d4 cxd4 4. Nxd4 g6 5. Bc4 Bg7 6. c3 Nf6 7. Qd3 0-0 8. 0-0 Bd7 9. Rd1 Nc6 10. Be3 a6 11. b4 Ne5 12. Qe2 Nxe4 13. Bf4 Nxc4 14. Qxc4 e5 15. Nf3 exf4 16. Qxe4 Bc6 17. Qxf4 Bxf3 18. Qxf3 Qc7 19. Rd3 Rfe8 20. Nd2 Re6 21. Rc1 Rae8 22. Kf1 Qe7 23. Qd1 Bh6 24. Rb1 Qf6 25. Nf3 Re2 26. Qb3 Qe6 27. Qxe6 R8xe6 28. Nd4 Rxa2 29. Nxe6 fxe6 30. Rxd6 Kf7 31. Rd7+ Kf6 32. Rxh7 Bg5 33. Rxb7 Rc2 34. Rc7 Bd2 35. b5 axb5 36. Rxb5 Rxc3 37. Rxc3 Bxc3 38. Ke2 e5 39. Kf3 Bd4 40. Rd5 Kf5 41. g4+ Ke6 42. Rxd4 exd4 43. Ke4 Kf6 44. h4 Kg7 45. Kxd4 Kh6 46. Ke5 g5 47. hxg5+ Kxg5 48. f4+ 1-0